[Event "Quebec-ch U14"]
[Site "Montreal"]
[Date "2015.01.16"]
[Round "1"]
[White "Wu, Zhaoran"]
[Black "Ouellet, Maili Jade"]
[Result "0-1"]
[WhiteElo "1956"]
[BlackElo "1331"]
[PlyCount "102"]
[EventDate "2015.01.16"]
[EventType "swiss"]
[EventRounds "5"]
[EventCountry "CAN"]
[SourceTitle "EXT 2022"]
[Source "ChessBase"]
[SourceDate "2021.10.06"]
[SourceVersion "1"]
[SourceVersionDate "2021.10.06"]
[SourceQuality "1"]

1. e4 c5 2. Nc3 e6 3. g3 d6 4. Bg2 Nf6 5. d3 Be7 6. f4 Nbd7 7. Nf3 0-0 8. 0-0 Rb8 9. h3 b5 10. a3 a5 11. g4 b4 12. axb4 axb4 13. Ne2 Nb6 14. b3 Qc7 15. f5 exf5 16. gxf5 Nfd7 17. Bf4 Bf6 18. Rb1 Re8 19. Qd2 Bb7 20. Rfe1 Rbd8 21. Bg5 h6 22. Bxf6 Nxf6 23. Ng3 Nbd7 24. Qf4 Ne5 25. Re2 Qb6 26. Kh2 Ra8 27. Nxe5 Rxe5 28. Rbe1 Rae8 29. Qh4 Qc7 30. Qf4 Qd8 31. Qf2 Nd7 32. Nh5 Kh8 33. Qg3 Rg8 34. Qg4 g6 35. Nf4 gxf5 36. Qh5 Qg5 37. Qxg5 hxg5 38. Nh5 f4 39. Bf3 Rg6 40. Bg4 Nb8 41. Ra1 Nc6 42. Rf2 Rh6 43. Raf1 Nd4 44. Kg2 f5 45. Bd1 f3+ 46. Kg1 Rxh5 47. Bxf3 Rxh3 48. Bg2 Rg3 49. Kh2 f4 50. Rh1 Kg7 51. Kg1 f3 0-1